Score 0/9 Timer 02:00
0 Plays Today
Rank White Item % Correct
7Milk
61.1%
4Socks
39.5%
1Underwear
38.6%
9Toilet paper
32.9%
3Sheets
32.7%
5Bread
24%
2Wedding dress
21.4%
8Sugar
21.4%
6Flour
21.2%
Remove Ads.
Support Sporcle.
Get the best of Sporcle when you Go Orange. This ad-free experience offers more features, more stats, and more fun while also helping to support Sporcle. Thank you for becoming a member.

You're not logged in!

Compare scores with friends on all Sporcle quizzes.
OR
Log In

Show Comments

Extras

Created Oct 8, 2009ReportNominate
Tags:Buy, Family Feud, item, Vote, White

Top Quizzes Today


Score Distribution

Your Account Isn't Verified!

In order to create a playlist on Sporcle, you need to verify the email address you used during registration. Go to your Sporcle Settings to finish the process.

Report this User

Report this user for behavior that violates our Community Guidelines.

Details: